International Chamber of Commerce Arbitration / Second Edition (Record no. 2884)
[ view plain ]
| 000 -LEADER | |
|---|---|
| fixed length control field | 01374cam a22002294a 4500 |
| 005 - ΗΜΕΡΟΜΗΝΙΑ ΚΑΙ ΩΡΑ ΤΕΛΕΥΤΑΙΑΣ ΕΝΗΜΕΡΩΣΗΣ | |
| Πεδίο ελέγχου | 20250605164056.0 |
| 008 - FIXED-LENGTH DATA ELEMENTS--GENERAL INFORMATION | |
| Πεδίο ελέγχου σταθερού μήκους | 250528s ||||||||||||||||||||||||d |
| 035 ## - SYSTEM CONTROL NUMBER | |
| System control number | 17474 |
| 020 ## - ISBN | |
| ISBN | 379208792 |
| 040 ## - ΠΗΓΗ ΚΑΤΑΛΟΓΟΓΡΑΦΗΣΗΣ | |
| Φορέας πρωτότυπης καταλογογράφησης | MC Athens Campus Library |
| Γλώσσα καταλογογράφησης | Ελληνικά, Μοντέρνα (1453-) |
| Modifying agency | MC Athens Campus Library |
| Κανόνες περιγραφικής καταλογογράφησης | AACR2 |
| 245 1# - ΤΙΤΛΟΣ ΚΑΙ ΔΗΛΩΣΗ ΥΠΕΥΘΥΝΟΤΗΤΑΣ | |
| Τίτλος | International Chamber of Commerce Arbitration / Second Edition |
| 250 ## - EDITION STATEMENT | |
| Edition statement | 2nd |
| 260 ## - PUBLICATION, DISTRIBUTION, ETC. | |
| Name of publisher, distributor, etc. | Oceana Publications, |
| Date of publication, distribution, etc. | 1990 |
| 300 ## - PHYSICAL DESCRIPTION | |
| Extent | 832 |
| 520 ## - SUMMARY, ETC. | |
| Summary, etc. | Preface, Abbreviations, The Institution, General Characteristics, The Organizational Framework, Costs, Types of Arbitration Agreements, The Validity of the Arbitration Agreement, Indispensable Elements, Generally Recommended Additional, Occasionally Useful Elements, Pathological Elements, ICC Arbitration in Practice, Bringing Arbitration Under the Rules, Arbitral Jurisdiction, Constituting the Arbitral Tribunal and Determing the Place of Arbitration, Arbitrator Disqualification or Incapability, Advance to Cover Costs, Terms of Reference, Rules Governing the Proceedings, Choice of Sustantive Law, Amiable Composition, Arbitral Awards, Hearings and Proof and Ancillary Proceedings, The Impact of National Law, Trends in International Commercial Arbitration, Appendices, Index. |
| 700 1# - ΠΡΟΣΘΕΤΗ ΑΝΑΓΡΑΦΗ--ΦΥΣΙΚΟ ΠΡΟΣΩΠΟ | |
| Personal name | Craig W. Laurence |
| 9 (RLIN) | 3610 |
| 700 1# - ΠΡΟΣΘΕΤΗ ΑΝΑΓΡΑΦΗ--ΦΥΣΙΚΟ ΠΡΟΣΩΠΟ | |
| Personal name | Park William W |
| 9 (RLIN) | 3611 |
| 700 1# - ΠΡΟΣΘΕΤΗ ΑΝΑΓΡΑΦΗ--ΦΥΣΙΚΟ ΠΡΟΣΩΠΟ | |
| Personal name | Paulsson Jan |
| 9 (RLIN) | 3612 |
| 942 ## - ADDED ENTRY ELEMENTS (KOHA) | |
| Koha item type | Books |
| Τύπος τεκμηρίου | Βιβλιοθήκη | Τρέχουσα τοποθεσία | Barcode | Αριθμός εισαγωγής | Ημερομηνία απόκτησης | Ταξιθετικό σύμβολο | Αριθμός αντιτύπου | Κατάσταση απόσυρσης | Κατάσταση χαμένου | Κατάσταση κατεστραμμένου | Μη δανεισμός | Σύνολο δανεισμών | Ημερομηνία τελευταίας εμφάνισης | Η τιμή ισχύει από |
|---|---|---|---|---|---|---|---|---|---|---|---|---|---|---|
| Books | MC Athens Campus Library | MC Athens Campus Library | 9780000028839 | 5724 | 05/06/2025 | REF 341.5/22 CRA | 1 | 05/06/2025 | 05/06/2025 |